01148 2200277 4500001002100000005001500021035002000036007000300056008004100059020002200100082001000122084001900132100002700151245016700178250003300345300002800378650002600406700003100432264004200463336002100505337003000526338002300556520025900579990001600838990001600854INLIS00000000116258120221109014933 a0010-1122000118ta221109 g 0 ind  a978-623-244-669-4 a153.4 aSR 153.4 AST o0 aAsti Musmanepengarang1 aOrang biasa nggak paham! :binilah 40 cara berpikir dan menyikapi kegagalan para crazy rich people yang harus kamu tahu /cAsti Musman; penyunting, Herman Adamson aCetakan pertama: April, 2021 ax, 242 halaman ;c20 cm 4aPikiran dan pemikiran0 aHerman Adamsonepenyunting aYogyakarta :bPsikologi Corner,c2021 2rdacontentaTeks 2rdamediaaTanpa perantara 2rdacarrieraVolume aApakah cara berpikir kita telah mengarah pada pemikiran para miliarder? Misalnya, apakah kita telah disiplin.Lalu bagaimana bisa kita mewujudkan impian kita sementara kita takut atau enggan untuk segera memulai, padahal miliarder berani mengambil risiko. a50431.63251 a50432.63252